Sports Quiz

Random Sports or Basketball Quiz

NAC Section X Teams Quiz Stats

 Plays Quiz not verified by Sporcle

Score 0/24 Timer 05:00
0 Plays Today
Mascot School % Correct
Golden BearsCanton
100%
Red DevilsHammond
100%
Green DemonsHermon-Dekalb
93.8%
PanthersParishville-Hopkinton
93.8%
Red RaidersMassena
93.8%
SandstonersPotsdam
93.8%
Blue DevilsOgdensburg Free Academy
93.8%
HuskiesFranklin Academy
93.8%
FlyersNorwood-Norfolk
93.8%
SaintsSt. Regis Falls
93.8%
PanthersBrushton-Moira
93.8%
BulldogsHeuvelton
93.8%
Mascot School % Correct
Golden KnightsLisbon
93.8%
BulldogsChateaugay
93.8%
ShamrocksSalmon River
93.8%
LumberjacksTupper Lake
93.8%
ColtsColton-Pierrepont
93.8%
Golden EaglesClifton-Fine
93.8%
Yellow JacketsMadrid-Waddington
93.8%
WildcatsGouverneur
93.8%
CougarsEdwards-Knox
93.8%
LarriesSt. Lawrence Central
87.5%
RocketsMorristown
87.5%
PiratesHarrisville
87.5%

You're not logged in!

Compare scores with friends on all Sporcle quizzes.
OR
Log In

Sporcle TV

Today on Sporcle TV


Watch our educational content, quiz creation guides, and fun videos on Sporcle TV.

Show Comments

Extras

Top Quizzes Today


Score Distribution

Your Account Isn't Verified!

In order to create a playlist on Sporcle, you need to verify the email address you used during registration. Go to your Sporcle Settings to finish the process.

Report this User

Report this user for behavior that violates our Community Guidelines.

Details: